000 00860nam a2200265Ia 4500
003 OSt
005 20220923213447.0
006 a|||||r|||| 00| 0
007 ta
008 220922b |||||||| |||| 00| 0 hin d
024 _a162,197
037 _cTextual
040 _aARTS
_cARTS
_bhin
041 _2hin
_ahin
082 _aO152,2N05:RR, J2
100 _aवर्मा, रामकुमार
245 0 _aरजत रश्मि
246 _aRajat rashmi
250 _aसंस्क0 3
260 _c1952
490 _aज्ञानपीठ लोकोदय ग्रन्थमाला,हिन्दी ग्रंथाक; 17
650 _aहिन्दी साहित्य
_9156264
942 _hO152,2N05:RR, J2
_cTEXL
_2CC
999 _c316698
_d316698